000 00578nam a2200229Ia 4500
003 OSt
005 20221006151719.0
006 a|||||r|||| 00| 0
007 ta
008 221006b |||||||| |||| 00| 0 eng d
020 _c
_35.00
024 _a23,108
037 _cTextual
040 _aEASL
_cEASL
_beng
041 _2eng
_aeng
100 _aORLEANS Leo A
_9286623
245 0 _aScience in Contemporary China
260 _aStanford
_bStanford University Press
_c1980
300 _a600p.
_ccm.
942 _cTEXL
_2CC
999 _c1091194
_d1091194